An Evaluation Framework for the Comparison on Open Source Enterprize Resource Planning Systems (Record no. 217104)
[ view plain ]
| 000 -LEADER | |
|---|---|
| fixed length control field | 00650 a2200169 4500 |
| 003 - CONTROL NUMBER IDENTIFIER | |
| control field | Nust |
| 005 - DATE AND TIME OF LATEST TRANSACTION | |
| control field | 20170207171533.0 |
| 040 ## - CATALOGING SOURCE | |
| Transcribing agency | Nust |
| 082 ## - DEWEY DECIMAL CLASSIFICATION NUMBER | |
| Classification number | 005.1 |
| 100 ## - MAIN ENTRY--PERSONAL NAME | |
| Personal name | Ullah, Atta (MSCS-18) |
| 245 ## - TITLE STATEMENT | |
| Title | An Evaluation Framework for the Comparison on Open Source Enterprize Resource Planning Systems |
| Statement of responsibility, etc. | Atta Ullah |
| 260 ## - PUBLICATION, DISTRIBUTION, ETC. | |
| Place of publication, distribution, etc. | Rawalpindi |
| Name of publisher, distributor, etc. | MCS,NUST |
| Date of publication, distribution, etc. | 2015 |
| 300 ## - PHYSICAL DESCRIPTION | |
| Extent | xii, 83 p |
| 500 ## - GENERAL NOTE | |
| General note | Introduction (Page-1) Literature Review (Page-07) Open Source ERP Evaluation Framework (Page-19) Implementation and Results (Page-37) Validation of the Framework Result (Page-45) Conclusion and Future work (Page-61) |
| 650 ## - SUBJECT ADDED ENTRY--TOPICAL TERM | |
| Topical term or geographic name entry element | PG Thesis |
| 651 ## - SUBJECT ADDED ENTRY--GEOGRAPHIC NAME | |
| Geographic name | MSCS-18 |
| 942 ## - ADDED ENTRY ELEMENTS (KOHA) | |
| Koha item type | |
| Withdrawn status | Lost status | Source of classification or shelving scheme | Damaged status | Not for loan | Collection code | Permanent Location | Current Location | Date acquired | Total Checkouts | Full call number | Barcode | Date last seen | Price effective from | Koha item type |
|---|---|---|---|---|---|---|---|---|---|---|---|---|---|---|
| Military College of Signals (MCS) | Military College of Signals (MCS) | 12/12/2016 | 005.1 ULL | MCSTCS-357 | 12/08/2016 | 12/12/2016 | Book |
